Forex broker - kdo to je a jak ho vybírat

Forex broker je spojovacím článkom medzi dvomi obchodníkmi. Podľa modelu párovania obchodných príkazov je možné rozlišovať Dealing Desk brokerov (DD broker) a No Dealing Desk brokerov (NDD broker).

Na minha lista:
Detalhes bibliográficos
Autor principal: Badura, Peter, 1978-
Formato: Capítulo de Livro
Idioma:tcheco
Assuntos:
Tags: Adicionar Tag
Sem tags, seja o primeiro a adicionar uma tag!

MARC

LEADER 00000nla a2200000 4500
001 0197602
005 20240502083503.1
041 0 |a cze 
044 |a CZ 
245 1 0 |a Forex broker - kdo to je a jak ho vybírat  |c Peter Badura 
520 |a Forex broker je spojovacím článkom medzi dvomi obchodníkmi. Podľa modelu párovania obchodných príkazov je možné rozlišovať Dealing Desk brokerov (DD broker) a No Dealing Desk brokerov (NDD broker). 
610 2 0 |a trh devízový 
610 2 0 |a makléri 
610 2 0 |a obchodníci 
100 1 |a Badura, Peter, 1978-